| 000 | 00437nam a2200109Ia 4500 | ||
|---|---|---|---|
| 008 | 160909s9999 xx 000 0 und d | ||
| 100 | _aBosworth, Skyler | ||
| 245 | 4 | _aThe social construction of media discourse: Washington's initiative I-522 on genetically modified organisms (GMOs) | |
| 260 |
_bNorthern Arizona University. _c2016 |
||
| 650 | _aInformation Technology | ||
| 856 | _uhttp://pqdtopen.proquest.com/doc/1808254160.html?FMT=ABS | ||
| 999 |
_c303843 _d303843 |
||